Annual financial report /

Bibliographic Details
Corporate Author: Texas. Comptroller's Office
Format: Government Document Serial
Language:English
Published: [Austin, Tex.] : Comptroller of Public Accounts.
Subjects:

MARC

Tag First Indicator Second Indicator Subfields
LEADER 00000cas a2200000 4500
001 in00001069375
005 20150929093044.0
008 800321c19uu9999txuar s0uuua0eng d
035 |a (OCoLC)06115841 
035 |9 AFM7825AM 
040 |a IKM  |c IKM  |d m.c.  |d IKM  |d UtOrBLW 
043 |a n-us-tx 
049 |a IKMd 
086 |a C2600.3 F49  |2 txdocs 
099 9 |a C2600.3  |a F49 
110 1 |a Texas.  |b Comptroller's Office. 
245 1 0 |a Annual financial report /  |c Comptroller of Public Accounts. 
246 1 0 |a Financial report (Comptroller of Public Accounts) 
264 1 |a [Austin, Tex.] :  |b Comptroller of Public Accounts. 
300 |c 28 cm. 
310 |a Annual 
336 |a text  |b txt  |2 rdacontent 
337 |a unmediated  |b n  |2 rdamedia 
338 |a volume  |b nc  |2 rdacarrier 
500 |a Report year ends Aug. 31. 
580 |a Not related to Its State of Texas ... annual financial report. 
610 1 0 |a Texas.  |b Comptroller's Office  |x Appropriations and expenditures. 
936 |a 1974/75 
999 |a MARS 
999 f f |s 71374bc2-c09b-3eab-bb14-5fffc0a5b1cd  |i 8a0ad84d-98ce-3e46-9470-6ce0c54aebb9  |t 0 
952 f f |p normal  |a Texas A&M University  |b College Station  |c Sterling C. Evans Library  |d Evans: Texas Documents (Annex 5th floor)  |t 0  |e C2600.3 F49  |h Superintendent of Documents classification  |i unmediated -- volume  |l 2000/2001  |m A14829055477 
952 f f |p normal  |a Texas A&M University  |b College Station  |c Sterling C. Evans Library  |d Evans: Texas Documents (Annex 5th floor)  |t 0  |e C2600.3 F49  |h Superintendent of Documents classification  |i unmediated -- volume  |l 2002/2003  |m A14831008583 
998 f f |a C2600.3 F49  |s 2000/2001,2002/2003  |t 0  |l Evans: Texas Documents (Annex 5th floor)